| 000 | 00375nam a22001337a 4500 | ||
|---|---|---|---|
| 082 |
_a954.022 _bSID _cL-31, P-83 |
||
| 100 |
_aKhalifa Nasiruddin Siddiqi _946454 |
||
| 245 |
_aMuhammad Bin Qasim _cKhalifa Nasiruddin Siddiqi |
||
| 260 |
_aLahore _bFerozsons Ltd |
||
| 300 | _aii, 79 P, : | ||
| 526 |
_a0 _b0 _c0 _d954_022000000000000_SID |
||
| 650 |
_aMCE _9379 |
||
| 942 |
_2ddc _cBK |
||
| 999 |
_c549795 _d549795 |
||